Knowing when to stop : a memoir (Record no. 31779)

MARC details
000 -LEADER
fixed length control field 00473nam a2200181Ia 4500
020 ## - INTERNATIONAL STANDARD BOOK NUMBER
ISBN 0671728725
050 ## - CALL MARK
Classification number ML 410 .R693 A3/
100 ## - STATEMENT OF RESPONSIBILITY--MAIN AUTHOR NAME
Personal name Rorem, Ned
245 #0 - TITLE STATEMENT
Title Knowing when to stop : a memoir
260 ## - PUBLICATION, DISTRIBUTION, ETC. (IMPRINT)
Place of publication New York
260 ## - PUBLICATION, DISTRIBUTION, ETC. (IMPRINT)
Name of publisher Simon & Schuster
260 ## - PUBLICATION, DISTRIBUTION, ETC. (IMPRINT)
Year of publication c1994
300 ## - PHYSICAL DESCRIPTION
Number of Pages 607 p
650 ## - SUBJECT ADDED ENTRY--TOPICAL TERM
Topical Term Rorem, Ned, 1923- Composers --United States --Biography
942 ## - ADDED ENTRY ELEMENTS (KOHA)
Koha item type Books
Holdings
Withdrawn status Lost status Source of classification or shelving scheme Damaged status Not for loan Permanent Location Current Location Date acquired Accession Number Price effective from Koha item type
    Library of Congress Classification     NILE UNIVERSITY OF NIGERIA - MAIN LIBRARY NILE UNIVERSITY OF NIGERIA - MAIN LIBRARY 04/23/2025 0005132 04/23/2025 Books